PHP in Action : (Record no. 26476)
[ view plain ]
| 000 -LEADER | |
|---|---|
| fixed length control field | 01003cam a22002775a 4500 |
| 001 - CONTROL NUMBER | |
| control field | 14988139 |
| 005 - DATE AND TIME OF LATEST TRANSACTION | |
| control field | 20180404151556.0 |
| 008 - FIXED-LENGTH DATA ELEMENTS--GENERAL INFORMATION | |
| fixed length control field | 070830t2007 ctua frb 001 0 eng d |
| 020 ## - INTERNATIONAL STANDARD BOOK NUMBER | |
| International Standard Book Number | 9781932394757 |
| 020 ## - INTERNATIONAL STANDARD BOOK NUMBER | |
| International Standard Book Number | 1932394753 |
| 040 ## - CATALOGING SOURCE | |
| Original cataloging agency | GZD |
| Transcribing agency | GZD |
| Modifying agency | GZD |
| -- | BAKER |
| -- | YDXCP |
| -- | DLC |
| -- | EG-ScBUE |
| Language of cataloging | eng |
| 082 04 - DEWEY DECIMAL CLASSIFICATION NUMBER | |
| Classification number | 005.2762 |
| Edition number | 22 |
| Item number | REI |
| 100 1# - MAIN ENTRY--PERSONAL NAME | |
| Personal name | Reiersøl, Dagfinn. |
| 245 10 - TITLE STATEMENT | |
| Title | PHP in Action : |
| Remainder of title | objects, design, agility / |
| Statement of responsibility, etc | Dagfinn Reiersøl, Marcus Baker, Chris Shiflett. |
| 260 ## - PUBLICATION, DISTRIBUTION, ETC. (IMPRINT) | |
| Place of publication, distribution, etc | Greenwich : |
| Name of publisher, distributor, etc | Manning Publications, |
| Date of publication, distribution, etc | c.2007. |
| 300 ## - PHYSICAL DESCRIPTION | |
| Extent | xxvi, 525 p. : |
| Other physical details | ill. ; |
| Dimensions | 23 cm. |
| 504 ## - BIBLIOGRAPHY, ETC. NOTE | |
| Bibliography, etc | Includes bibliographical references and index. |
| 650 #7 - SUBJECT ADDED ENTRY--TOPICAL TERM | |
| Topical term or geographic name as entry element | PHP (Computer program language) |
| Source of heading or term | BUEsh |
| 9 (RLIN) | 10111 |
| 650 #7 - SUBJECT ADDED ENTRY--TOPICAL TERM | |
| Topical term or geographic name as entry element | Internet programming. |
| Source of heading or term | BUEsh |
| 9 (RLIN) | 3680 |
| 650 #7 - SUBJECT ADDED ENTRY--TOPICAL TERM | |
| Topical term or geographic name as entry element | Web sites |
| General subdivision | Design. |
| Source of heading or term | BUEsh |
| 9 (RLIN) | 7205 |
| 653 ## - INDEX TERM--UNCONTROLLED | |
| Resource For college | Generalities |
| -- | Informatics and Computer Science |
| Arrived date list | April2018 |
| 700 1# - ADDED ENTRY--PERSONAL NAME | |
| Personal name | Baker, Marcus. |
| 700 1# - ADDED ENTRY--PERSONAL NAME | |
| Personal name | Shiflett, Chris. |
| 856 41 - ELECTRONIC LOCATION AND ACCESS | |
| Materials specified | Table of contents |
| Uniform Resource Identifier | <a href="http://www.loc.gov/catdir/toc/fy0802/2007279250.html">http://www.loc.gov/catdir/toc/fy0802/2007279250.html</a> |
| 942 ## - ADDED ENTRY ELEMENTS (KOHA) | |
| Source of classification or shelving scheme | Dewey Decimal Classification |
| Withdrawn status | Item status | Source of classification or shelving scheme | Damaged status | Not for loan | Home library | Current library | Shelving location | Date acquired | Total Checkouts | Full call number | Barcode | Date last seen | Koha item type |
|---|---|---|---|---|---|---|---|---|---|---|---|---|---|
| Dewey Decimal Classification | Central Library | Central Library | Lower Floor | 04/04/2018 | 005.2762 REI | 000047568 | 15/07/2025 | Book - Borrowing |